000
00282nam a22001217a 4500
020
_a
IS 8122
041
_a
ENG
245
_a
Test Code For Combine Harvester- Thresher Part 1
260
_a
New Delhi
_b
BIS
_c
1994
300
_a
14
650
_a
BIS Tist Code
856
_u
BIS Tist Code
999
_c
2147
_d
2147